000
00286nam a22001217a 4500
008
171124b xxu||||| |||| 00| 0 eng d
041
_a
eng
080
_a
7
100
_a
44
101
_a
ART
245
_a
THE AGE OF LOUIS XV FRENCH PAINTING 1710-1774
_c
ROSENBERG,P
942
_2
udc
_c
BK
999
_c
38424
_d
38424